000 00612nam a22001697a 4500
008 140124b xxu||||| |||| 00| 0 eng d
050 _aSPC GN780.42.Z3V62 1971
100 _aVogel, Joseph O.
_97083
245 _aKamangoza
_bAn introduction to the iron age cultures of the Victoria Falls region
260 _aNairobi
_bOxford University Press
_c1971
300 _ax; 142p.
_c23cm
440 _aZambia Museum papers
_nn.2
_97084
650 _aIron age - Zambia
_97085
650 _aVictoria Falls Region (Zambia & Zimbabwe) - Antiquities
_97086
650 _aZambia - Antiquities
_97087
942 _2lcc
_cMONOGRAPH
999 _c119699
_d119699